| 000 | 00901nam a22002417a 4500 | ||
|---|---|---|---|
| 999 |
_c63671 _d63671 |
||
| 005 | 20240530110653.0 | ||
| 008 | 171216s2015 ua ao g b 000 0 ara d | ||
| 017 |
_a2015/11893 _bمصر. دار الكتب |
||
| 020 | _a9789774279980 | ||
| 040 |
_aEG-CaGPL _cEG-CaGPL |
||
| 082 | 0 | 4 |
_221 _a219.9\ _bخ ل |
| 100 | 0 | _aخالد زيادة | |
| 245 | 1 | 0 |
_aلم يعد لاوروبا ما تقدمه للعرب / _cخالد زيادة . |
| 250 | _aط.1 | ||
| 260 |
_aالقاهرة : _bالدار المصرية اللبنانية ، _c2015 . |
||
| 300 |
_a207 ص. ؛ _c22 سم. |
||
| 504 | _aيشتمل على ارجاعات ببليوجرافية | ||
| 650 | 0 | 7 |
_2qrmak _aالاسلام فى اوروبا |
| 651 | 0 | 7 |
_2qrmak _aاوروبا _xتاريخ |
| 651 | 0 | 7 |
_2qrmak _aاوروبا _xالعلاقات الخارجية |
| 942 |
_2ddc _cBK |
||